| 000 | 00628nac a22001811u 4500 | ||
|---|---|---|---|
| 020 | _a8120324366 | ||
| 082 | 0 | 0 |
_a005.265 _bN6918 |
| 090 |
_c749 _d749 |
||
| 100 | _a20080729 | ||
| 245 | 0 | 0 | _aIntroduction to software application programming / |
| 260 |
_aNew Delhi : _bPrentice Hall of India, _c2004. |
||
| 300 |
_a395 p. : _bill. ; _c24 cm. |
||
| 650 | 0 | _aComputer programming. | |
| 650 | 0 | _aComputer software | |
| 710 | 2 | _aNIIT (Corporation) | |
| 942 |
_cBB _k005.265N6918 |
||
| 999 |
_c749 _d749 |
||